| Tag |
First Indicator |
Second Indicator |
Subfields |
| LEADER |
00000cam a22000008a 4500 |
| 001 |
in00000074817 |
| 005 |
20151008054805.0 |
| 008 |
800624s1981 nyuab b 00110 engm |
| 010 |
|
|
|a 80023679
|
| 020 |
|
|
|a 0824071786 :
|c $24.50
|
| 035 |
|
|
|a (OCoLC)06533120
|
| 035 |
|
|
|9 AAJ1691AM
|
| 040 |
|
|
|a DLC
|c DLC
|d m.c.
|d TXA
|d UtOrBLW
|
| 049 |
|
|
|a TXAM
|c [1442311]
|
| 050 |
0 |
0 |
|a TH6021
|b .A36
|
| 082 |
0 |
|
|a 690
|2 19
|
| 100 |
1 |
|
|a Aho, Arnold J.,
|d 1943-
|
| 245 |
1 |
0 |
|a Materials, energies, and environmental design /
|c by Arnold J. Aho.
|
| 263 |
|
|
|a 8103
|
| 264 |
|
1 |
|a New York :
|b Garland STPM Press,
|c [1981]
|
| 264 |
|
4 |
|c ©1981
|
| 300 |
|
|
|a ix, 254 pages :
|b illustrations, map ;
|c 22 x 29 cm.
|
| 336 |
|
|
|a text
|b txt
|2 rdacontent
|
| 337 |
|
|
|a unmediated
|b n
|2 rdamedia
|
| 338 |
|
|
|a volume
|b nc
|2 rdacarrier
|
| 490 |
1 |
|
|a Garland series in design
|
| 504 |
|
|
|a Includes bibliograhical references and index.
|
| 650 |
|
0 |
|a Buildings
|x Environmental engineering.
|
| 650 |
|
0 |
|a Materials.
|
| 650 |
|
0 |
|a Force and energy.
|
| 830 |
|
0 |
|a Garland series in design.
|
| 999 |
|
|
|a MARS
|
| 999 |
f |
f |
|s 17841897-2c14-3b30-b5c7-a5a741a8430d
|i 72f8f4f7-f6b9-3e6a-a975-d7b53d09a755
|t 0
|
| 952 |
f |
f |
|p normal
|a Texas A&M University
|b College Station
|c Sterling C. Evans Library
|d Evans: Library Stacks
|t 0
|e TH6021 .A36
|h Library of Congress classification
|i unmediated -- volume
|m A14806247770
|
| 998 |
f |
f |
|a TH6021 .A36
|t 0
|l Evans: Library Stacks
|